Statistics for All WWE Women's Tag Team Champions updated

Click here to take the quiz!

General Stats

  • This quiz has been taken 128 times
    (57 since last reset)
  • The average score is 39 of 46

Answer Stats

HintAnswer% Correct
05/26/20202Bayley
100%
02/17/20191Bayley
100%
04/03/20223Sasha Banks
100%
1Sasha Banks
100%
2Sasha Banks
100%
2Liv Morgan
95%
1Liv Morgan
95%
1Charlotte Flair
92%
1Naomi
92%
09/20/20213Nikki A.S.H.
92%
1Nikki Cross
92%
2Nikki Cross
92%
12/20/20202Asuka
89%
3Asuka
89%
10/06/20191Asuka
89%
02/27/20231Becky Lynch
89%
07/17/20231Chelsea Green
89%
08/14/20231Chelsea Green
89%
1Rhea Ripley
89%
09/12/20221Dakota Kai
87%
11/05/20222Dakota Kai
87%
08/30/20201Nia Jax
87%
01/31/20212Nia Jax
87%
3Shayna Baszler
87%
2Shayna Baszler
87%
1Shayna Baszler
87%
05/14/20211Natalya
84%
New Tag Team Partner1Piper Niven
84%
04/10/20232Raquel Rodriguez
84%
07/01/20233Raquel Rodriguez
84%
05/29/20231Ronda Rousey
84%
10/31/20223Alexa Bliss
82%
03/25/20202Alexa Bliss
82%
08/05/20191Alexa Bliss
82%
1Raquel Rodriguez
82%
1Sonya Deville
82%
11/22/20211Carmella
79%
1Peyton Royce
79%
04/07/20191Billie Kay
76%
1Iyo Sky
76%
2Iyo Sky
76%
1Kairi Sane
76%
1Lita
71%
1Tamina
68%
08/29/20221Aliyah
58%
1Queen Zelina
58%

Score Distribution

Percentile by Number Answered

Percent of People with Each Score

Your Score History

You have not taken this quiz since the last reset